000 00990nam a2200289Ia 4500
003 GCL
008 140319s9999 xx 000 0 ara d
040 _aGCL /
_cGCL
082 0 4 _a658.31
_bس س
100 1 _aعلى محمد عبدالوهاب
245 1 0 _aالسلوك التنظيمى والاداء /
_cعلى محمد عبدالوهاب
700 1 _aسيزلاقى، اندرودى
700 1 _aوالاس, مارك جى
700 1 _aجعفر ابوالقاسم احمد
260 _aالرياض :
_bمعهد الادارة العامة ،
_c1991
300 _a639 ص ؛
_c26 سم
490 _a
650 0 4 _aادارة الاعمال
650 0 4 _aالعلاقات الانسانية
650 0 4 _aالسلوك
650 0 4 _aالادارة العامة
650 0 4 _aعلم النفس الصناعى
650 0 4 _aالسلوك الادارى
650 0 4 _aالتنمية الادارية
650 0 4 _aعلم النفس الطبيعى
942 _2ddc
_cBK
999 _c30281
_d30281